Molecular approaches to crop improvement (Record no. 40275)

MARC details
000 -LEADER
fixed length control field 00402nam a2200145Ia 4500
082 ## - DEWEY DECIMAL CLASSIFICATION NUMBER
Classification number 633
Item number DEN
245 #0 - TITLE STATEMENT
Title Molecular approaches to crop improvement
260 ## - PUBLICATION, DISTRIBUTION, ETC. (IMPRINT)
Place of publication New York
Name of publisher Springer Verlag
Year of publication 1991
650 ## - SUBJECT ADDED ENTRY--TOPICAL TERM
Topical Term Genetic engineering
650 ## - SUBJECT ADDED ENTRY--TOPICAL TERM
Topical Term Pigment biosynthesis
650 ## - SUBJECT ADDED ENTRY--TOPICAL TERM
Topical Term Protease inhibitor genes
700 ## - ADDED ENTRY--PERSONAL NAME
Personal name Llewellyn, E S
942 ## - ADDED ENTRY ELEMENTS (KOHA)
Koha item type Books
Holdings
Withdrawn status Lost status Damaged status Not for loan Home library Current library Date acquired Cost, normal purchase price Full call number Accession Number Koha item type
        RRII Library RRII Library 16/12/2021 112.00 633 DEN 20580 Books